000 00325nam a22001457a 4500
008 231013b ||||| |||| 00| 0 eng d
020 _a3540172351
041 _aeng
080 _a521
082 _a521BUD
100 _a19
101 _aASTRO
245 _aHISTORY PF THE EARTH'S ATMOSPHERE
_cBUDYKO.I.M
942 _2udc
_cBK
999 _c60446
_d60446